| 000 | 00687nam a22002057a 4500 | ||
|---|---|---|---|
| 999 |
_c20283 _d20283 |
||
| 003 | AR-CdUCM | ||
| 008 | 190528b ||||| |||| 00| 0 spa d | ||
| 040 |
_aMUNICIPALIDAD PROVINCIAL DEL CUSCO _cBIBLIOTECA MUNICIPAL DEL CUSCO |
||
| 082 |
_a333.985 / _bG88 |
||
| 100 |
_aGuerra Carreño, Vicente _942394 |
||
| 245 | _aLa reforma agraria en el Perú / | ||
| 260 |
_bJoven Guardia, _c1962. |
||
| 300 |
_a104 páginas ; _c18 cm. |
||
| 505 | _aContenido : Estructura económica del Perú -- La reforma agraria -- Medidas complementarias... | ||
| 650 |
_aEconomía semi-feudal _942395 |
||
| 650 |
_aReforma _94889 |
||
| 650 |
_aLatifundio _912849 |
||
| 942 |
_2ddc _cLIBROS |
||
| 945 | _aandy | ||